Normal view
MARC view
Entry Personal Name
001 - CONTROL NUMBER
- control field: 5579
003 - CONTROL NUMBER IDENTIFIER
- control field: HDC
005 - DATE AND TIME OF LATEST TRANSACTION
- control field: 20230624073217.0
008 - FIXED-LENGTH DATA ELEMENTS
- fixed length control field: 210120|| aca||aabn | a|a d
040 ## - CATALOGING SOURCE
- Original cataloging agency: HDC
- Transcribing agency: HDC
100 ## - HEADING--PERSONAL NAME
- Personal name: Bah, Piyan Tan
670 ## - SOURCE DATA FOUND
- Source citation: Work cat.: (HDC): Bah, Piyan Tan author, Development And Improvement Of Value-Added And Functional Food From Fishery Products In Malaysia / by , [no year]
